| 000 | 01194nam a22003377a 4500 | ||
|---|---|---|---|
| 001 | T0000011 | ||
| 003 | KOHA_MİRAKIL | ||
| 005 | 20260207004503.0 | ||
| 007 | ta | ||
| 008 | 190402b2011 xx |||grm|||#0|||0|tur | | ||
| 040 |
_aTR-BiSEU _btur _cTR-BiSEU _erda |
||
| 041 | 0 | _atur | |
| 050 | 0 | 0 |
_aTez _b11 |
| 100 | 1 | _aGüney, Enis. | |
| 245 | 1 |
_aCumhuriyet Türkiyesi kürt sorunu/ _cEnis Güney ; Enis Güney; danışman Ali Ayata. |
|
| 264 | 1 |
_aBilecik : _bBilecik Üniversitesi _c2011 |
|
| 300 | _aX, 101 sayfa; 30 cm.+1 CD-ROM | ||
| 336 |
_ametin _btxt _2rdacontent |
||
| 337 |
_aaracısız _bn _2rdamedia |
||
| 338 |
_acilt _bnc _2rdacarrier |
||
| 500 | _aRef. No: 401064 | ||
| 500 | _aKaynakça var. | ||
| 500 | _aİngilizce Eser Adı: The kurdish issue of republican Turkey | ||
| 502 | _aTez (Yüksek Lisans) -- Bilecik Üniversitesi Sosyal Bilimler Enstitüsü Kamu Yönetimi Anabilim Dalı, Bilecik, . | ||
| 650 | 0 |
_aKürt sorunu--Cumhuriyet. _9118804 |
|
| 650 | 0 |
_aDemokratik süreç--Türk kimliği. _9118805 |
|
| 650 | 0 |
_aKurdish issue--Republic. _9118806 |
|
| 650 | 0 |
_aDemocratic process--Turkish identity. _9118807 |
|
| 856 | 4 | 0 | _uhttp://acikkaynak.bilecik.edu.tr/xmlui/handle/11552/96 |
| 907 | _aYüksek Lisans | ||
| 942 |
_2lcc _cTS |
||
| 999 |
_c64562 _d64562 |
||